[Event "Najdorf Memorial B"]
[Site "Warsaw POL"]
[Date "2021.07.18"]
[Round "9.6"]
[White "Hertlein, Irena"]
[Black "Jaskulski, Jan"]
[Result "1-0"]
[WhiteElo "1643"]
[BlackElo "1723"]
[EventDate "????.??.??"]
[PlyCount "85"]
[LiveChessVersion "1.4.8"]

1.d4 {[%clk 1:30:58]} 1...d5 {[%clk 1:30:56]} 2.Nf3 {[%clk 1:30:55]} 2...Nf6 
{[%clk 1:31:00]} 3.g3 {[%clk 1:31:16]} 3...Bf5 {[%clk 1:29:06]} 4.Bg2 {[%clk
1:28:26]} 4...h6 {[%clk 1:29:15]} 5.c4 {[%clk 1:27:07]} 5...c6 {[%clk 1:29:18]} 
6.O-O {[%clk 1:14:31]} 6...e6 {[%clk 1:29:25]} 7.Nc3 {[%clk 1:13:28]} 7...Be7 
{[%clk 1:28:30]} 8.Qb3 {[%clk 1:11:42]} 8...Qb6 {[%clk 1:28:00]} 9.c5 {[%clk
1:12:01]} 9...Qxb3 {[%clk 1:28:25]} 10.axb3 {[%clk 1:12:30]} 10...Nbd7 {[%clk
1:28:07]} 11.b4 {[%clk 1:12:31]} 11...O-O {[%clk 1:26:09]} 12.b5 {[%clk
1:12:27]} 12...Ne4 {[%clk 1:19:35]} 13.bxc6 {[%clk 1:07:44]} 13...bxc6 {[%clk
1:19:55]} 14.Ra6 {[%clk 1:07:04]} 14...Rfc8 {[%clk 1:05:50]} 15.Nxe4 {[%clk
1:02:30]} 15...Bxe4 {[%clk 1:05:47]} 16.Bd2 {[%clk 0:50:30]} 16...e5 {[%clk
1:04:46]} 17.b4 {[%clk 0:50:54]} 17...Bxf3 {[%clk 1:04:28]} 18.Bxf3 {[%clk
0:51:15]} 18...exd4 {[%clk 1:04:53]} 19.Bg4 {[%clk 0:38:15]} 19...Rc7 {[%clk
0:57:04]} 20.Bxd7 {[%clk 0:38:31]} 20...Rxd7 {[%clk 0:57:28]} 21.Rxc6 {[%clk
0:38:49]} 21...Bf6 {[%clk 0:41:15]} 22.Ra6 {[%clk 0:27:24]} 22...Re7 {[%clk
0:37:58]} 23.Re1 {[%clk 0:27:13]} 23...Re6 {[%clk 0:33:39]} 24.c6 {[%clk
0:22:11]} 24...Bd8 {[%clk 0:22:04]} 25.b5 {[%clk 0:03:31]} 25...Bb6 {[%clk
0:18:06]} 26.Ba5 {[%clk 0:03:55]} 26...Rb8 {[%clk 0:16:42]} 27.Bxb6 {[%clk
0:03:29]} 27...axb6 {[%clk 0:17:00]} 28.Kf1 {[%clk 0:03:06]} 28...Kf8 {[%clk
0:15:04]} 29.Ra7 {[%clk 0:00:37]} 29...Ree8 {[%clk 0:03:42]} 30.Rd1 {[%clk
0:00:41]} 30...Re7 {[%clk 0:04:01]} 31.Rda1 {[%clk 0:00:38]} 31...Rbe8 {[%clk
0:04:06]} 32.R1a2 {[%clk 0:00:50]} 32...d3 {[%clk 0:02:41]} 33.exd3 {[%clk
0:01:15]} 33...Re1+ {[%clk 0:03:02]} 34.Kg2 {[%clk 0:01:44]} 34...Rb1 {[%clk
0:02:35]} 35.Ra8 {[%clk 0:01:50]} 35...Rc1 {[%clk 0:00:54]} 36.Rxe8+ {[%clk
0:01:55]} 36...Kxe8 {[%clk 0:01:19]} 37.Ra6 {[%clk 0:01:32]} 37...Ke7 {[%clk
0:00:48]} 38.Rxb6 {[%clk 0:01:42]} 38...Kd6 {[%clk 0:00:46]} 39.Rb7 {[%clk
0:01:52]} 39...Rb1 {[%clk 0:00:41]} 40.Rd7+ {[%clk 0:00:44]} 40...Ke6 {[%clk
0:01:01]} 41.Rd8 {[%clk 0:00:39]} 41...Rc1 {[%clk 0:00:47]} 42.b6 {[%clk
0:00:53]} 42...Rxc6 {[%clk 0:00:49]} 43.b7 {[%clk 0:01:19]} 1-0

[Event "Najdorf Memorial B"]
[Site "Warsaw POL"]
[Date "2021.07.18"]
[Round "9.7"]
[White "Goral, Jan"]
[Black "Kaczmarek, Tomasz"]
[Result "1/2-1/2"]
[WhiteElo "1707"]
[BlackElo "1586"]
[EventDate "????.??.??"]
[PlyCount "126"]
[LiveChessVersion "1.4.8"]

1.d4 {[%clk 1:30:57]} 1...Nf6 {[%clk 1:30:56]} 2.c4 {[%clk 1:31:15]} 2...e6 
{[%clk 1:31:17]} 3.g3 {[%clk 1:31:19]} 3...d5 {[%clk 1:30:52]} 4.Nf3 {[%clk
1:31:35]} 4...c6 {[%clk 1:30:57]} 5.Bg2 {[%clk 1:30:01]} 5...Ne4 {[%clk
1:21:00]} 6.Qc2 {[%clk 1:27:49]} 6...Nd7 {[%clk 1:18:15]} 7.O-O {[%clk 1:26:12]} 
7...Bd6 {[%clk 1:10:39]} 8.Nbd2 {[%clk 1:24:00]} 8...f5 {[%clk 1:03:20]} 9.b3 
{[%clk 1:22:53]} 9...Ndf6 {[%clk 1:02:45]} 10.Bb2 {[%clk 1:22:24]} 10...g5 
{[%clk 0:58:23]} 11.Ne5 {[%clk 1:13:23]} 11...Nxd2 {[%clk 0:42:08]} 12.Qxd2 
{[%clk 1:13:34]} 12...h6 {[%clk 0:41:06]} 13.Rad1 {[%clk 1:09:07]} 13...Rg8 
{[%clk 0:31:25]} 14.f3 {[%clk 1:03:31]} 14...Bd7 {[%clk 0:28:43]} 15.Kh1 {[%clk
0:58:09]} 15...Qe7 {[%clk 0:27:28]} 16.e4 {[%clk 0:55:25]} 16...O-O-O {[%clk
0:23:09]} 17.Nxd7 {[%clk 0:47:29]} 17...Nxd7 {[%clk 0:23:23]} 18.cxd5 {[%clk
0:46:51]} 18...exd5 {[%clk 0:15:49]} 19.exd5 {[%clk 0:43:56]} 19...f4 {[%clk
0:13:54]} 20.dxc6 {[%clk 0:40:25]} 20...bxc6 {[%clk 0:14:23]} 21.g4 {[%clk
0:37:48]} 21...h5 22.Qc2 {[%clk 0:33:35]} 22...Kb7 {[%clk 0:14:49]} 23.Rde1 
{[%clk 0:33:20]} 23...Qf7 {[%clk 0:14:58]} 24.h3 {[%clk 0:32:04]} 24...Nb6 
{[%clk 0:15:06]} 25.Rc1 {[%clk 0:26:19]} 25...Rc8 {[%clk 0:15:21]} 26.Kg1 
{[%clk 0:19:20]} 26...Nd5 {[%clk 0:15:14]} 27.Rf2 {[%clk 0:15:05]} 27...Rge8 
{[%clk 0:13:10]} 28.Qd3 {[%clk 0:11:00]} 28...Nb4 {[%clk 0:11:59]} 29.Qd2 
{[%clk 0:10:32]} 29...Re3 {[%clk 0:11:01]} 30.Ba3 {[%clk 0:09:47]} 30...Rd3 
{[%clk 0:10:43]} 31.Qe1 {[%clk 0:08:37]} 31...Re8 {[%clk 0:10:36]} 32.Re2 
{[%clk 0:08:52]} 32...Rde3 {[%clk 0:07:46]} 33.Rxe3 {[%clk 0:09:07]} 33...Rxe3 
{[%clk 0:08:09]} 34.Qd2 {[%clk 0:09:12]} 34...Qe7 {[%clk 0:07:32]} 35.Kf1 
{[%clk 0:06:23]} 35...a5 {[%clk 0:07:30]} 36.d5 {[%clk 0:05:44]} 36...c5 {[%clk
0:05:10]} 37.Bxb4 {[%clk 0:05:51]} 37...axb4 {[%clk 0:05:06]} 38.Re1 {[%clk
0:05:25]} 38...h4 {[%clk 0:03:38]} 39.Kf2 {[%clk 0:03:57]} 39...Rxe1 {[%clk
0:02:59]} 40.Qxe1 {[%clk 0:04:21]} 40...Qf6 {[%clk 0:02:06]} 41.Qd2 {[%clk
0:02:44]} 41...Be5 {[%clk 0:02:01]} 42.Qd3 {[%clk 0:01:51]} 42...Bd4+ {[%clk
0:02:22]} 43.Kf1 {[%clk 0:02:12]} 43...Kb6 {[%clk 0:02:29]} 44.Qe4 {[%clk
0:01:45]} 44...Qd8 {[%clk 0:01:08]} 45.Qe6+ {[%clk 0:01:53]} 45...Kc7 {[%clk
0:01:03]} 46.Qc6+ {[%clk 0:01:10]} 46...Kb8 {[%clk 0:01:32]} 47.d6 {[%clk
0:01:15]} 47...Qc8 {[%clk 0:01:09]} 48.Qb6+ {[%clk 0:00:48]} 48...Qb7 {[%clk
0:01:21]} 49.Qd8+ {[%clk 0:01:07]} 49...Ka7 {[%clk 0:01:22]} 50.Qa5+ {[%clk
0:00:41]} 50...Qa6+ {[%clk 0:01:48]} 51.Qxa6+ {[%clk 0:01:09]} 51...Kxa6 52.d7 
{[%clk 0:01:35]} 52...Bf6 {[%clk 0:02:42]} 53.Ke2 {[%clk 0:01:55]} 53...Kb6 
{[%clk 0:03:02]} 54.Kd3 {[%clk 0:02:11]} 54...Kc7 {[%clk 0:03:29]} 55.Kc4 
{[%clk 0:02:26]} 55...Be7 {[%clk 0:03:23]} 56.Kd5 {[%clk 0:02:30]} 56...Kxd7 
{[%clk 0:03:47]} 57.Bf1 {[%clk 0:02:57]} 57...Bf8 {[%clk 0:03:44]} 58.Bb5+ 
{[%clk 0:02:49]} 58...Kc7 {[%clk 0:02:29]} 59.Ke6 {[%clk 0:03:18]} 59...Kd8 
{[%clk 0:02:25]} 60.Kf6 {[%clk 0:02:25]} 60...Be7+ {[%clk 0:02:51]} 61.Kf7 
{[%clk 0:02:53]} 61...Bd6 {[%clk 0:03:04]} 62.Ke6 Be7 63.Ba4 Bf8 1/2-1/2

[Event "Najdorf Memorial B"]
[Site "Warsaw POL"]
[Date "2021.07.18"]
[Round "9.8"]
[White "Michalowski, Patryk"]
[Black "Ambroziak, Mateusz"]
[Result "1-0"]
[WhiteElo "1770"]
[BlackElo "1487"]
[EventDate "????.??.??"]
[PlyCount "69"]
[LiveChessVersion "1.4.8"]

1.e4 {[%clk 1:30:58]} 1...c5 {[%clk 1:30:55]} 2.Nf3 {[%clk 1:31:24]} 2...g6 
{[%clk 1:31:22]} 3.d4 {[%clk 1:31:48]} 3...Bg7 {[%clk 1:31:49]} 4.Nc3 {[%clk
1:31:50]} 4...cxd4 {[%clk 1:32:13]} 5.Nxd4 {[%clk 1:32:15]} 5...Nc6 {[%clk
1:32:33]} 6.Be3 {[%clk 1:32:37]} 6...Nf6 {[%clk 1:32:48]} 7.Bc4 {[%clk 1:33:00]} 
7...Qa5 {[%clk 1:33:08]} 8.O-O {[%clk 1:33:14]} 8...O-O {[%clk 1:33:35]} 9.Bb3 
{[%clk 1:33:34]} 9...d6 {[%clk 1:33:25]} 10.h3 {[%clk 1:33:57]} 10...Bd7 {[%clk
1:33:32]} 11.f4 {[%clk 1:33:38]} 11...Nxd4 {[%clk 1:33:22]} 12.Bxd4 {[%clk
1:34:02]} 12...Bc6 {[%clk 1:33:40]} 13.Qd3 {[%clk 1:31:36]} 13...Nd7 {[%clk
1:26:18]} 14.Bxg7 {[%clk 1:31:57]} 14...Kxg7 {[%clk 1:26:41]} 15.Nd5 {[%clk
1:30:22]} 15...Qc5+ {[%clk 1:23:41]} 16.Kh1 {[%clk 1:30:10]} 16...e6 {[%clk
1:23:30]} 17.Nc3 {[%clk 1:26:21]} 17...Rad8 {[%clk 1:16:42]} 18.Rae1 {[%clk
1:24:22]} 18...b5 {[%clk 1:10:19]} 19.Ne2 {[%clk 1:18:49]} 19...e5 {[%clk
1:02:46]} 20.f5 {[%clk 1:15:45]} 20...Nf6 {[%clk 0:57:42]} 21.Ng3 {[%clk
1:15:27]} 21...d5 {[%clk 0:56:21]} 22.exd5 {[%clk 1:14:39]} 22...Nxd5 {[%clk
0:49:06]} 23.Bxd5 {[%clk 0:56:49]} 23...f6 {[%clk 0:38:54]} 24.fxg6 {[%clk
0:52:09]} 24...hxg6 {[%clk 0:38:37]} 25.Nf5+ {[%clk 0:38:03]} 25...Kh7 {[%clk
0:37:18]} 26.Qg3 {[%clk 0:30:31]} 26...Rxd5 {[%clk 0:31:16]} 27.Qh4+ {[%clk
0:20:55]} 27...Kg8 {[%clk 0:31:32]} 28.Qh6 {[%clk 0:20:24]} 28...Kf7 {[%clk
0:31:48]} 29.Qh7+ {[%clk 0:19:32]} 29...Ke6 {[%clk 0:31:25]} 30.Qxg6 {[%clk
0:17:41]} 30...Rd2 {[%clk 0:30:43]} 31.Ne3 {[%clk 0:16:37]} 31...Qd4 {[%clk
0:28:17]} 32.Qf5+ {[%clk 0:13:36]} 32...Ke7 {[%clk 0:23:37]} 33.c3 {[%clk
0:12:25]} 33...Qh4 {[%clk 0:23:06]} 34.Rd1 {[%clk 0:12:10]} 34...Be4 {[%clk
0:19:21]} 35.Rxd2 1-0

[Event "Najdorf Memorial B"]
[Site "Warsaw POL"]
[Date "2021.07.18"]
[Round "9.10"]
[White "Ptaszynski, Szymon"]
[Black "Iwaszkiewicz, Krzysztof"]
[Result "1-0"]
[WhiteElo "1516"]
[BlackElo "1706"]
[EventDate "????.??.??"]
[PlyCount "153"]
[LiveChessVersion "1.4.8"]

1.e4 {[%clk 1:30:59]} 1...c5 {[%clk 1:30:58]} 2.Nf3 {[%clk 1:31:26]} 2...e6 
{[%clk 1:31:23]} 3.c3 {[%clk 1:31:53]} 3...d5 {[%clk 1:31:50]} 4.exd5 {[%clk
1:32:18]} 4...Qxd5 {[%clk 1:32:17]} 5.d4 {[%clk 1:32:42]} 5...Nc6 {[%clk
1:32:45]} 6.Na3 {[%clk 1:28:16]} 6...cxd4 {[%clk 1:31:36]} 7.Nb5 {[%clk
1:28:35]} 7...Bd6 {[%clk 1:29:09]} 8.Nfxd4 {[%clk 1:22:45]} 8...Nxd4 {[%clk
1:28:33]} 9.Qxd4 {[%clk 1:22:12]} 9...Qxd4 {[%clk 1:27:57]} 10.Nxd4 {[%clk
1:21:25]} 10...Bd7 {[%clk 1:27:54]} 11.Nb5 {[%clk 1:20:25]} 11...Bb8 {[%clk
1:27:51]} 12.Be3 {[%clk 1:18:36]} 12...a6 {[%clk 1:28:10]} 13.Na3 {[%clk
1:15:55]} 13...Ne7 {[%clk 1:27:33]} 14.Rd1 {[%clk 1:13:37]} 14...Nf5 {[%clk
1:24:34]} 15.Bb6 {[%clk 1:11:21]} 15...Ba7 {[%clk 1:18:47]} 16.Bxa7 {[%clk
1:09:49]} 16...Rxa7 {[%clk 1:19:13]} 17.Bd3 {[%clk 0:59:05]} 17...g6 18.O-O 
{[%clk 0:59:09]} 18...Ke7 {[%clk 1:19:28]} 19.Rfe1 {[%clk 0:55:51]} 19...Bc6 
{[%clk 1:18:53]} 20.f3 {[%clk 0:55:54]} 20...Rd8 {[%clk 1:17:13]} 21.Nc2 {[%clk
0:52:49]} 21...a5 {[%clk 1:16:05]} 22.Kf2 {[%clk 0:52:26]} 22...b6 {[%clk
1:13:56]} 23.g4 {[%clk 0:35:38]} 23...Nd6 {[%clk 1:11:58]} 24.Nd4 {[%clk
0:35:57]} 24...Ba8 {[%clk 1:11:50]} 25.Re2 {[%clk 0:34:39]} 25...Rad7 {[%clk
1:12:10]} 26.Rde1 {[%clk 0:33:54]} 26...Kf6 {[%clk 1:11:57]} 27.Kg3 {[%clk
0:32:04]} 27...Bd5 {[%clk 1:11:23]} 28.a3 {[%clk 0:30:01]} 28...Bc4 {[%clk
1:10:47]} 29.Bxc4 {[%clk 0:29:56]} 29...Nxc4 {[%clk 1:11:09]} 30.f4 {[%clk
0:30:19]} 30...h6 {[%clk 1:03:46]} 31.h4 {[%clk 0:30:10]} 31...Rc8 {[%clk
1:04:04]} 32.Rf1 {[%clk 0:26:55]} 32...Rc5 {[%clk 1:03:14]} 33.a4 {[%clk
0:24:51]} 33...Rdd5 {[%clk 1:01:43]} 34.Rf3 {[%clk 0:23:33]} 34...Nd6 {[%clk
1:01:36]} 35.b3 {[%clk 0:23:04]} 35...Rc8 {[%clk 1:00:58]} 36.Rfe3 {[%clk
0:19:59]} 36...Kg7 {[%clk 0:59:15]} 37.Kf3 {[%clk 0:17:16]} 37...Kf6 {[%clk
0:57:05]} 38.Re1 {[%clk 0:16:25]} 38...Ke7 {[%clk 0:55:43]} 39.Ke2 {[%clk
0:15:31]} 39...Kd7 {[%clk 0:54:36]} 40.Rd1 {[%clk 0:15:41]} 40...Ke7 {[%clk
0:54:49]} 41.c4 {[%clk 0:14:54]} 41...Rdc5 {[%clk 0:54:32]} 42.Kf3 {[%clk
0:14:05]} 42...h5 {[%clk 0:52:15]} 43.g5 {[%clk 0:12:20]} 43...Rd8 {[%clk
0:49:33]} 44.Red3 {[%clk 0:12:06]} 44...Nb7 {[%clk 0:50:01]} 45.R3d2 {[%clk
0:10:58]} 45...Rd6 {[%clk 0:48:09]} 46.Nb5 {[%clk 0:08:43]} 46...Rxd2 {[%clk
0:47:24]} 47.Rxd2 {[%clk 0:09:12]} 47...Nd8 {[%clk 0:47:40]} 48.Nd4 {[%clk
0:09:17]} 48...Nb7 {[%clk 0:45:15]} 49.Nb5 {[%clk 0:09:15]} 49...Nd8 {[%clk
0:45:34]} 50.Nd4 {[%clk 0:09:05]} 50...Nb7 {[%clk 0:45:41]} 51.Ke4 {[%clk
0:09:14]} 51...Nd6+ {[%clk 0:45:46]} 52.Kd3 {[%clk 0:09:28]} 52...Nf5 {[%clk
0:45:33]} 53.Nf3 {[%clk 0:09:29]} 53...Nd6 {[%clk 0:43:48]} 54.Ne5 {[%clk
0:09:25]} 54...Nf5 {[%clk 0:39:42]} 55.Kc3 {[%clk 0:09:16]} 55...Nxh4 {[%clk
0:39:20]} 56.Rd7+ {[%clk 0:09:20]} 56...Ke8 {[%clk 0:39:44]} 57.Rb7 {[%clk
0:09:42]} 57...Ng2 {[%clk 0:39:40]} 58.Rb8+ {[%clk 0:08:39]} 58...Ke7 {[%clk
0:37:47]} 59.Rb7+ {[%clk 0:06:48]} 59...Ke8 {[%clk 0:38:11]} 60.Rb8+ {[%clk
0:03:27]} 60...Ke7 {[%clk 0:38:35]} 61.Rxb6 {[%clk 0:03:09]} 61...Nxf4 {[%clk
0:38:59]} 62.Kd4 {[%clk 0:03:33]} 62...Rc7 {[%clk 0:37:43]} 63.Rb5 {[%clk
0:03:01]} 63...Ne2+ {[%clk 0:30:19]} 64.Ke3 {[%clk 0:02:27]} 64...Nc1 {[%clk
0:30:04]} 65.Kd2 {[%clk 0:02:20]} 65...Na2 {[%clk 0:26:22]} 66.Rxa5 {[%clk
0:02:32]} 66...f6 {[%clk 0:26:48]} 67.Nxg6+ {[%clk 0:02:11]} 67...Kf7 {[%clk
0:27:14]} 68.Nf4 {[%clk 0:02:31]} 68...fxg5 {[%clk 0:27:40]} 69.Rxg5 {[%clk
0:02:46]} 69...Rb7 {[%clk 0:28:02]} 70.Kc2 {[%clk 0:02:35]} 70...Nb4+ {[%clk
0:27:53]} 71.Kc3 {[%clk 0:02:59]} 71...Na2+ {[%clk 0:27:43]} 72.Kb2 {[%clk
0:03:23]} 72...Nc1 {[%clk 0:28:10]} 73.Rb5 {[%clk 0:02:43]} 73...Rxb5 {[%clk
0:28:19]} 74.axb5 {[%clk 0:02:57]} 74...h4 {[%clk 0:28:35]} 75.Kxc1 {[%clk
0:03:22]} 75...e5 {[%clk 0:28:58]} 76.Nh3 {[%clk 0:03:49]} 76...Kg6 {[%clk
0:29:14]} 77.b6 {[%clk 0:04:12]} 1-0

[Event "Najdorf Memorial B"]
[Site "Warsaw POL"]
[Date "2021.07.18"]
[Round "9.11"]
[White "Dropia, Rafal"]
[Black "Obrycki, Tomasz"]
[Result "1/2-1/2"]
[WhiteElo "1634"]
[BlackElo "1404"]
[EventDate "????.??.??"]
[PlyCount "53"]
[LiveChessVersion "1.4.8"]

1.d4 Nf6 {[%clk 1:30:54]} 2.c4 {[%clk 1:31:26]} 2...g6 {[%clk 1:31:15]} 3.Nc3 
{[%clk 1:31:51]} 3...Bg7 {[%clk 1:31:39]} 4.e4 {[%clk 1:32:17]} 4...d6 {[%clk
1:32:00]} 5.f3 {[%clk 1:32:43]} 5...O-O {[%clk 1:32:04]} 6.Be3 {[%clk 1:33:13]} 
6...Nbd7 {[%clk 1:32:02]} 7.Qd2 {[%clk 1:33:11]} 7...c6 {[%clk 1:32:04]} 8.Bd3 
{[%clk 1:32:06]} 8...Qc7 {[%clk 1:29:07]} 9.Nge2 {[%clk 1:29:41]} 9...e5 {[%clk
1:29:04]} 10.d5 {[%clk 1:29:20]} 10...Ne8 {[%clk 1:28:02]} 11.g4 {[%clk
1:23:02]} 11...c5 {[%clk 1:11:11]} 12.Ng3 {[%clk 1:21:54]} 12...a6 {[%clk
1:01:24]} 13.h4 {[%clk 1:20:53]} 13...Rb8 {[%clk 0:53:30]} 14.h5 {[%clk
1:17:38]} 14...Qd8 {[%clk 0:48:58]} 15.Bh6 {[%clk 1:00:26]} 15...Bxh6 {[%clk
0:33:47]} 16.Qxh6 {[%clk 1:00:55]} 16...g5 {[%clk 0:33:35]} 17.Nf5 {[%clk
0:54:16]} 17...Qf6 {[%clk 0:32:03]} 18.a4 {[%clk 0:52:16]} 18...Qxh6 {[%clk
0:28:44]} 19.Nxh6+ {[%clk 0:52:45]} 19...Kh8 {[%clk 0:28:36]} 20.Nf5 {[%clk
0:50:19]} 20...Ndf6 {[%clk 0:28:19]} 21.Ne3 {[%clk 0:47:20]} 21...a5 {[%clk
0:23:35]} 22.Nb5 {[%clk 0:46:47]} 22...Bd7 {[%clk 0:23:54]} 23.Nf5 {[%clk
0:45:10]} 23...Bxf5 {[%clk 0:21:42]} 24.exf5 {[%clk 0:44:40]} 24...Nd7 {[%clk
0:20:51]} 25.Kd2 {[%clk 0:40:15]} 25...f6 {[%clk 0:20:24]} 26.Rae1 {[%clk
0:39:41]} 26...h6 {[%clk 0:20:33]} 27.b3 1/2-1/2

[Event "Najdorf Memorial B"]
[Site "Warsaw POL"]
[Date "2021.07.18"]
[Round "9.12"]
[White "Leski, Jan"]
[Black "Trybula, Agata"]
[Result "0-1"]
[WhiteElo "1502"]
[BlackElo "1634"]
[EventDate "????.??.??"]
[PlyCount "76"]
[LiveChessVersion "1.4.8"]

1.e4 {[%clk 1:30:57]} 1...d6 {[%clk 1:13:55]} 2.d4 {[%clk 1:31:17]} 2...Nf6 
{[%clk 1:14:20]} 3.Nc3 {[%clk 1:31:42]} 3...e5 {[%clk 1:14:14]} 4.dxe5 {[%clk
1:30:59]} 4...dxe5 {[%clk 1:14:37]} 5.Qxd8+ {[%clk 1:31:21]} 5...Kxd8 {[%clk
1:15:03]} 6.Bd2 {[%clk 1:27:03]} 6...Bd6 {[%clk 1:12:54]} 7.f3 {[%clk 1:25:52]} 
7...a6 {[%clk 1:11:46]} 8.Bc4 {[%clk 1:24:36]} 8...Ke8 {[%clk 1:09:44]} 9.O-O-O 
{[%clk 1:22:10]} 9...Nc6 {[%clk 1:08:09]} 10.Nd5 {[%clk 1:14:59]} 10...Nxd5 
{[%clk 1:01:56]} 11.Bxd5 {[%clk 1:15:13]} 11...Bd7 {[%clk 1:02:19]} 12.Ne2 
{[%clk 1:12:28]} 12...Ke7 {[%clk 0:57:44]} 13.Kb1 {[%clk 1:01:26]} 13...Rab8 
{[%clk 0:51:17]} 14.Nc1 {[%clk 0:59:06]} 14...Nd4 {[%clk 0:45:36]} 15.Be3 
{[%clk 0:49:22]} 15...c6 {[%clk 0:39:54]} 16.Bc4 {[%clk 0:44:18]} 16...b5 
{[%clk 0:40:07]} 17.Bb3 {[%clk 0:44:37]} 17...c5 {[%clk 0:31:30]} 18.Bd5 {[%clk
0:44:30]} 18...Be6 {[%clk 0:28:10]} 19.Bxd4 {[%clk 0:39:28]} 19...exd4 {[%clk
0:22:08]} 20.c3 {[%clk 0:38:32]} 20...dxc3 {[%clk 0:20:24]} 21.bxc3 {[%clk
0:37:48]} 21...c4 {[%clk 0:20:47]} 22.Ne2 {[%clk 0:36:50]} 22...Rhc8 {[%clk
0:15:49]} 23.Kc2 {[%clk 0:36:28]} 23...a5 {[%clk 0:15:29]} 24.Bxe6 {[%clk
0:36:21]} 24...fxe6 {[%clk 0:15:26]} 25.Rb1 {[%clk 0:36:05]} 25...e5 {[%clk
0:15:08]} 26.Rhd1 {[%clk 0:35:29]} 26...b4 {[%clk 0:14:09]} 27.Rd5 {[%clk
0:32:48]} 27...Rc5 {[%clk 0:13:08]} 28.Rbd1 {[%clk 0:29:15]} 28...b3+ {[%clk
0:12:19]} 29.axb3 {[%clk 0:29:33]} 29...cxb3+ {[%clk 0:12:44]} 30.Kb2 {[%clk
0:29:51]} 30...Rxd5 {[%clk 0:12:46]} 31.Rxd5 {[%clk 0:29:56]} 31...a4 {[%clk
0:12:21]} 32.Nc1 {[%clk 0:28:18]} 32...a3+ {[%clk 0:12:25]} 33.Kb1 {[%clk
0:28:35]} 33...a2+ {[%clk 0:12:26]} 34.Nxa2 {[%clk 0:28:24]} 34...bxa2+ {[%clk
0:12:50]} 35.Kxa2 {[%clk 0:28:49]} 35...Ke6 {[%clk 0:12:39]} 36.c4 {[%clk
0:28:31]} 36...Rb4 {[%clk 0:11:46]} 37.c5 {[%clk 0:26:27]} 37...Be7 {[%clk
0:12:04]} 38.Ka3 {[%clk 0:25:47]} 38...Rd4 {[%clk 0:09:47]} 0-1

[Event "Najdorf Memorial B"]
[Site "Warsaw POL"]
[Date "2021.07.18"]
[Round "9.14"]
[White "Jaroszuk, Marcin"]
[Black "Kowalski, Witold"]
[Result "0-1"]
[WhiteElo "1571"]
[BlackElo "1453"]
[EventDate "????.??.??"]
[PlyCount "150"]
[LiveChessVersion "1.4.8"]

1.f4 {[%clk 1:27:54]} 1...d5 {[%clk 1:30:34]} 2.Nf3 {[%clk 1:28:11]} 2...Nf6 
{[%clk 1:30:39]} 3.e3 {[%clk 1:28:35]} 3...c5 {[%clk 1:30:18]} 4.Be2 {[%clk
1:28:53]} 4...Nc6 {[%clk 1:30:29]} 5.O-O {[%clk 1:29:12]} 5...Bg4 {[%clk
1:30:04]} 6.Ne5 {[%clk 1:28:03]} 6...Bxe2 {[%clk 1:30:13]} 7.Qxe2 {[%clk
1:28:27]} 7...e6 {[%clk 1:30:32]} 8.b3 {[%clk 1:28:34]} 8...Bd6 {[%clk 1:30:00]} 
9.Bb2 {[%clk 1:28:20]} 9...O-O {[%clk 1:28:54]} 10.d3 {[%clk 1:26:58]} 10...Rc8 
{[%clk 1:24:09]} 11.Nd2 {[%clk 1:25:40]} 11...Re8 {[%clk 1:22:02]} 12.Qf2 
{[%clk 1:17:55]} 12...Qe7 {[%clk 1:19:02]} 13.Ndf3 {[%clk 1:13:44]} 13...h6 
{[%clk 1:15:49]} 14.Qg3 {[%clk 1:07:36]} 14...Red8 {[%clk 1:07:24]} 15.Rae1 
{[%clk 1:01:08]} 15...Bxe5 {[%clk 1:02:09]} 16.fxe5 {[%clk 0:58:13]} 16...Ne8 
{[%clk 0:59:48]} 17.h3 {[%clk 0:48:51]} 17...Rd7 {[%clk 0:53:53]} 18.h4 {[%clk
0:45:09]} 18...b5 {[%clk 0:51:15]} 19.Nh2 {[%clk 0:43:13]} 19...d4 {[%clk
0:47:21]} 20.Ng4 {[%clk 0:42:43]} 20...Kh7 {[%clk 0:44:27]} 21.Bc1 {[%clk
0:40:39]} 21...h5 {[%clk 0:22:53]} 22.Nh2 {[%clk 0:39:14]} 22...dxe3 {[%clk
0:20:05]} 23.Nf3 {[%clk 0:34:01]} 23...f6 {[%clk 0:17:29]} 24.Bxe3 {[%clk
0:28:44]} 24...Nd4 {[%clk 0:16:58]} 25.exf6 {[%clk 0:25:17]} 25...gxf6 {[%clk
0:16:57]} 26.Bxd4 {[%clk 0:23:35]} 26...cxd4 {[%clk 0:17:14]} 27.Re4 {[%clk
0:20:13]} 27...Rcd8 {[%clk 0:16:29]} 28.Rfe1 {[%clk 0:19:36]} 28...Ng7 {[%clk
0:16:40]} 29.Qf2 {[%clk 0:19:02]} 29...Qc5 {[%clk 0:16:28]} 30.R1e2 {[%clk
0:17:32]} 30...e5 {[%clk 0:15:06]} 31.Nh2 {[%clk 0:14:59]} 31...Qd6 {[%clk
0:14:34]} 32.Nf1 {[%clk 0:15:06]} 32...Rc8 {[%clk 0:13:18]} 33.Ng3 {[%clk
0:15:16]} 33...Qe6 {[%clk 0:12:53]} 34.Qf3 {[%clk 0:15:09]} 34...Qf7 {[%clk
0:12:05]} 35.Rf2 {[%clk 0:15:18]} 35...Rf8 {[%clk 0:11:39]} 36.Nf5 {[%clk
0:13:38]} 36...Rdd8 {[%clk 0:10:03]} 37.Qd1 {[%clk 0:12:36]} 37...Qg6 {[%clk
0:08:56]} 38.Qf3 {[%clk 0:07:32]} 38...Qxf5 {[%clk 0:07:56]} 39.Qxf5+ {[%clk
0:07:46]} 39...Nxf5 {[%clk 0:08:24]} 40.Rxf5 {[%clk 0:08:06]} 40...Kg6 {[%clk
0:08:47]} 41.Rf3 {[%clk 0:08:14]} 41...Rd5 {[%clk 0:07:31]} 42.Rf1 {[%clk
0:06:35]} 42...b4 {[%clk 0:06:52]} 43.Rfe1 {[%clk 0:06:41]} 43...Kf5 {[%clk
0:06:02]} 44.Kf2 {[%clk 0:06:54]} 44...Rc8 {[%clk 0:06:03]} 45.Rc1 {[%clk
0:05:02]} 45...Ra5 {[%clk 0:05:59]} 46.Kf3 {[%clk 0:02:25]} 46...Rxa2 {[%clk
0:06:09]} 47.g4+ {[%clk 0:02:35]} 47...hxg4+ {[%clk 0:06:33]} 48.Rxg4 {[%clk
0:02:57]} 48...Rcxc2 {[%clk 0:06:07]} 49.Rcg1 {[%clk 0:01:06]} 49...Rf2+ {[%clk
0:06:30]} 50.Kg3 {[%clk 0:01:30]} 50...Rg2+ {[%clk 0:06:30]} 51.Kh3 {[%clk
0:01:37]} 51...Rh2+ {[%clk 0:06:45]} 52.Kg3 {[%clk 0:01:48]} 52...Rag2+ {[%clk
0:07:09]} 53.Kf3 {[%clk 0:01:46]} 53...Rxg1 {[%clk 0:07:33]} 54.Rxg1 {[%clk
0:01:53]} 54...Rxh4 {[%clk 0:07:57]} 55.Rg7 {[%clk 0:01:59]} 55...Rh3+ {[%clk
0:08:17]} 56.Ke2 {[%clk 0:02:16]} 56...Rh2+ {[%clk 0:08:24]} 57.Kd1 {[%clk
0:02:12]} 57...Rb2 {[%clk 0:08:47]} 58.Rxa7 {[%clk 0:02:30]} 58...Rxb3 {[%clk
0:09:11]} 59.Kc2 {[%clk 0:02:42]} 59...Rc3+ {[%clk 0:09:35]} 60.Kd2 {[%clk
0:03:02]} 60...b3 {[%clk 0:09:52]} 61.Rb7 {[%clk 0:03:05]} 61...Kf4 {[%clk
0:10:03]} 62.Ke2 {[%clk 0:02:17]} 62...f5 {[%clk 0:09:47]} 63.Rb4 {[%clk
0:02:26]} 63...Rc2+ {[%clk 0:09:48]} 64.Kd1 {[%clk 0:02:39]} 64...Ke3 {[%clk
0:10:07]} 65.Rxb3 {[%clk 0:02:00]} 65...Rd2+ {[%clk 0:10:31]} 66.Ke1 {[%clk
0:02:12]} 66...Rxd3 {[%clk 0:10:51]} 67.Rb2 {[%clk 0:01:47]} 67...Ra3 {[%clk
0:10:41]} 68.Re2+ {[%clk 0:02:08]} 68...Kf4 {[%clk 0:11:02]} 69.Rf2+ {[%clk
0:01:39]} 69...Rf3 {[%clk 0:11:26]} 70.Rh2 {[%clk 0:01:04]} 70...e4 {[%clk
0:11:43]} 71.Rb2 {[%clk 0:00:34]} 71...d3 {[%clk 0:11:55]} 72.Ra2 {[%clk
0:00:32]} 72...Rh3 {[%clk 0:12:11]} 73.Rf2+ {[%clk 0:00:45]} 73...Ke3 {[%clk
0:12:34]} 74.Re2+ {[%clk 0:00:50]} 74...Kd4 {[%clk 0:12:46]} 75.Rf2 {[%clk
0:00:48]} 75...Rh1+ {[%clk 0:13:10]} 0-1